| 000 | 00672nam a22002057a 4500 | ||
|---|---|---|---|
| 999 |
_c20673 _d20673 |
||
| 003 | AR-CdUCM | ||
| 008 | 190405b ||||| |||| 00| 0 spa d | ||
| 020 | _a0 19 433634 4 | ||
| 040 |
_aMUNICIPALIDAD PROVINCIAL DEL CUSCO _cBIBLIOTECA MUNICIPAL DEL CUSCO |
||
| 082 |
_aEP / 373.428 / _bG42 |
||
| 100 |
_aGiancarlo _943222 |
||
| 245 | _afábulas sutiles / | ||
| 260 |
_aMéxico : _bSapriza, _c2013. |
||
| 300 |
_a155 páginas ; _bIlustraciones _c21 cm. |
||
| 505 | _aContenido: El reverso de la moneda -- Rescate anónimo -- Entrar en materia -- Changos en discordia... | ||
| 650 |
_aFabulas _94606 |
||
| 650 |
_aInfantil _96210 |
||
| 942 |
_2ddc _cLIBROS |
||
| 945 | _arcc | ||